00501nam a22001097a 4500008004100000040005500041080001800096245019800114260004900312300001400361650001600375230428b |||||||| |||| 00| 0 eng d aNational Science LibrarycNational Science Library a539(05)bK4.2 aNuclear physics and solid state physics symposiumc/ Proceedings of the nuclear........................................1964 Part-B solid state physics Chandigarh 24 February - 28 February, 1964 aIndia: bDepartment of Atomic Energy, c1964 aiv, 619p. aProceedings